000 00428nam a2200157 i 4500
001 bgj
100 1 _aGURKO, Leo
_d(1914- ).
245 1 0 _aThe Two Lives of Joseph Conrad /
_cLeo Gurko.
260 _aNew York :
_bThomas Y. Crowell Company,
_c1965.
300 _aIX, [2], 209 pp ;
_c21 cm.
600 1 9 _aConrad, Joseph, 1857-1924
040 _cBPK
041 0 _aeng
942 _cKS
008 s uk f |000 0 eng
999 _c48665
_d48665
856 _uhttp://koha.tu.koszalin.pl/cgi-bin/koha/opac-detail.pl?biblionumber=48665
_yKatalog online BPK